[Event "Muensterland Regionalliga 1415"]
[Site "Germany"]
[Date "2015.03.14"]
[Round "7.8"]
[White "Freise, Eckhard"]
[Black "Schoenstaedt, Hans Werner"]
[Result "1-0"]
[WhiteElo "1832"]
[BlackElo "1486"]
[PlyCount "69"]
[EventDate "2014.09.20"]
[EventType "team-tourn"]
[EventRounds "9"]
[EventCountry "GER"]
[SourceTitle "EXT 2016"]
[Source "ChessBase"]
[SourceDate "2015.10.08"]
[SourceVersion "1"]
[SourceVersionDate "2015.10.08"]
[SourceQuality "1"]
[WhiteTeam "Muenster III"]
[BlackTeam "Raesfeld Erle"]
[WhiteTeamCountry "GER"]
[BlackTeamCountry "GER"]

1. d4 d5 2. c4 e6 3. Nc3 c5 4. cxd5 cxd4 5. Qxd4 Nc6 6. Qd1 exd5 7. Qxd5 Be6 8. Qxd8+ Rxd8 9. Bd2 Nf6 10. e3 a6 11. Nf3 Nb4 12. Rc1 Bf5 13. Nd4 Rxd4 14. exd4 Bd3 15. a3 Nc2+ 16. Kd1 Bxf1 17. Rxf1 Nxd4 18. Re1+ Kd7 19. Na4 Nc6 20. Bf4 Bd6 21. Nb6+ Kc7 22. Bxd6+ Kxb6 23. Bc5+ Kb5 24. Be3 Rd8+ 25. Ke2 Rd5 26. Red1 Rf5 27. h3 h5 28. b3 a5 29. Rc4 g5 30. Rd6 Ne8 31. Rd7 Ka6 32. Rc5 Rxc5 33. Bxc5 Kb5 34. Be3 f6 35. Rxb7+ 1-0